000 00599nam a22001817a 4500
003 UA-OsUOA
001 14510
007 ta
008 20031006b un ||||| |||| 00| 0 ukr d
100 _aЧабан О.
942 _cSA
040 _aUA-OsUOA
_cUA-OsUOA
_dUA-OsUOA
245 _aЩиро вірю в жіночу дружбу
_b[Про голов. лікаря Рівнен. шкірно-венерологіч. диспансеру Н.Маняк]
300 _aС.13
955 _a0
773 0 _w0
_tОго
_dРівне
_d2003
_g№121/17 лип./
650 7 _aКраєзнавча робота
_2UDC
999 _c300671
_d300671